Preposition Sense Disambiguation & Conversion of Romanizes Urdu Text to Speech for Expert Systems Based Machine Translation from English to Urdu / (Record no. 536152)

000 -LEADER
fixed length control field 00631nam a22001697a 4500
082 ## - DEWEY DECIMAL CLASSIFICATION NUMBER
Classification number 004
100 ## - MAIN ENTRY--PERSONAL NAME
Personal name Mustafa, Fouad
245 ## - TITLE STATEMENT
Title Preposition Sense Disambiguation & Conversion of Romanizes Urdu Text to Speech for Expert Systems Based Machine Translation from English to Urdu /
Statement of responsibility, etc. Fouad Mustafa
260 ## - PUBLICATION, DISTRIBUTION, ETC.
Place of publication, distribution, etc. Islamabad :
Name of publisher, distributor, etc. SEECS - NUST,
Date of publication, distribution, etc. 2004.
300 ## - PHYSICAL DESCRIPTION
Extent 134 p. ;
Dimensions 30cm.
563 ## - BINDING INFORMATION
Binding note hbk
650 ## - SUBJECT ADDED ENTRY--TOPICAL TERM
Topical term or geographic name entry element Information Technology-Project Report
700 ## - ADDED ENTRY--PERSONAL NAME
Personal name Shahzad Khan
856 ## - Uniform Resource Identifier
Uniform Resource Identifier <a href="http://10.250.8.41:8080/xmlui/handle/123456789/3879">http://10.250.8.41:8080/xmlui/handle/123456789/3879</a>
942 ## - ADDED ENTRY ELEMENTS (KOHA)
Source of classification or shelving scheme
Koha item type Project Report
700 ## - ADDED ENTRY--PERSONAL NAME
-- 31095
Holdings
Withdrawn status Lost status Source of classification or shelving scheme Damaged status Not for loan Permanent Location Current Location Shelving location Date acquired Full call number Barcode Date last seen Price effective from Koha item type
WITHDRAWN         Central Library (CL) Central Library (CL) Thesis 10/01/2020 004 CL-BP-310 10/01/2020 10/01/2020 Project Report
© 2023 Central Library, National University of Sciences and Technology. All Rights Reserved.